00000000nam##2200000za#4500
0019.580998
003CaOODSP
00520231208112832
007cr |||||||||||
008150406|2010||||xxc|||||o    f|0| 0 eng|d
040 |aCaOODSP|beng
043 |an-cn---
0861 |aPS83-5/R228E-PDF
1101 |aCorrectional Service Canada. |bResearch Branch.
24510|aProfile of offenders readmitted for violent offences while on conditional release / |h[electronic resource]|cPrepared by: Marsha Axford.
260 |aOttawa - Ontario : |bCorrectional Service Canada. |cNovember 2010.
300 |a1p.
4901 |aResearch at a glance|vR-228
590 |a14-19-Supp|b2014-11-03
77508|tProfil des délinquants réadmis pour des infractions avec violence commises pendant leur période de liberté sous condition / |w(CaOODSP)9.607884
830#0|aResearch at a glance (Correctional Service Canada)|vR-228|w(CaOODSP)9.506649
85640|ahttp://publications.gc.ca|qPDF|s149 KB|uhttps://publications.gc.ca/collections/collection_2014/scc-csc/PS83-5-R228-eng.pdf|yR-228